000 00586nam a2200157 4500
999 _c16920
_d16920
008 220519b ||||| |||| 00| 0 eng d
022 _a0117-3308
082 _aDPer 004.1105 C73 Sept 2010 - April 2011 v. 20 n. 3-9
100 _aBernad, Melba.
_945032
245 _aIT-BPO:
_bfrom optimization to transformation/
_cMelba Bernad.
260 _aPhilippines:
_bSchneider Electric,
_c©2010-2011.
300 _av20 n6, page 5:
_bcolor illustrations;
_c27 cm.
500 _aComputer world.
650 _aInformation technology
_xBusiness Processing Outsource (BPO)
_945157
942 _2ddc
_cPER